000 00286nam a2200121Ia 4500
008 241002s9999 xx 000 0 und d
082 _a109 RAN
100 _aRandall, J. Herman
245 0 _aReadings Philosophy
260 _aNew York:
_c1966
600 _aNatural Science
942 _cUC
999 _c18401
_d18401